World co-operative movement (Record no. 1645)
[ view plain ]
| 000 -LEADER | |
|---|---|
| fixed length control field | 00467cam a2200181ua 4500 |
| 008 - FIXED-LENGTH DATA ELEMENTS--GENERAL INFORMATION | |
| fixed length control field | 110719n xxk |||gr||||Z||||||eng |
| 040 ## - CATALOGING SOURCE | |
| Transcribing agency | MAIN |
| 082 ## - DEWEY DECIMAL CLASSIFICATION NUMBER | |
| Classification number | 334 |
| 100 1# - MAIN ENTRY--PERSONAL NAME | |
| Personal name | Digby, Margarat, |
| Relator term | |
| 245 1# - TITLE STATEMENT | |
| Title | World co-operative movement |
| Statement of responsibility, etc. | by Margaret Digby |
| 250 ## - EDITION STATEMENT | |
| Edition statement | 1st. |
| 260 ## - PUBLICATION, DISTRIBUTION, ETC. | |
| Place of publication, distribution, etc. | London: |
| Name of publisher, distributor, etc. | Hutchinson university library,960. |
| 300 ## - PHYSICAL DESCRIPTION | |
| Extent | 192p: |
| Dimensions | 23cm. |
| 942 ## - ADDED ENTRY ELEMENTS (KOHA) | |
| Koha item type | Books |
| 653 ## - INDEX TERM--UNCONTROLLED | |
| Uncontrolled term | Economics |
| 653 ## - INDEX TERM--UNCONTROLLED | |
| Uncontrolled term | world co-operative movement |
| Withdrawn status | Lost status | Damaged status | Not for loan | Home library | Current library | Shelving location | Date acquired | Total Checkouts | Full call number | Barcode | Date last seen | Copy number | Price effective from | Koha item type |
|---|---|---|---|---|---|---|---|---|---|---|---|---|---|---|
| Naharkatiya College Library | Naharkatiya College Library | General Stacks | 19/09/2020 | 334 | DIG | 2050 | 19/09/2020 | 1 | 19/09/2020 | Books |
